Statistics for Visigothic Kings

Click here to take the quiz!

General Stats

  • This quiz has been taken 24 times
  • The average score is 10 of 36

Answer Stats

ReignKing% Correct
395 - 410Alaric I
88%
484 - 507Alaric II
88%
586 - 601Reccared I
50%
621Reccared II
50%
710 - 711Roderic
50%
466 - 484Euric
44%
568 - 586Leovigild
44%
418 - 451Theodoric I
44%
453 - 466Theodoric II
44%
567 - 572Liuva I
38%
601 - 603Liuva II
38%
672 - 680Wamba
38%
410 - 415Athaulf
31%
612 - 621Sisebut
31%
511 - 531Amalaric
25%
631 - 636Sisenand
25%
621 - 631Swinthila
25%
415 - 418Wallia
25%
702 - 710Wittiza
25%
549 - 555Agila I
19%
380 - 381Athanaric
19%
369 - 380Fritigern
19%
555 - 567Athanagild I
13%
642 - 653Chindaswinth
13%
687 - 702Egicca
13%
649 - 672Recceswinth
13%
531 - 548Theudis
13%
451 - 453Thorismund
13%
603 - 610Witteric
13%
636 - 639Chintila
6%
507 - 511Gesalec
6%
610 - 612Gundemar
6%
415Sigeric
6%
548 - 549Theudigisel
6%
639 - 642Tulga
6%
680 - 687Erwig
0%

Score Distribution

Percentile by Number Answered

Percent of People with Each Score

Your Score History

You have not taken this quiz